000 00710nam a22002172 4500
001 0000024961
005 20151217154513.0
008 140402s xx 000 0 eng d
020 _a0335244262 :
040 _aKABU
_cKABU
100 1 _aMcLeod, John.
_@0000178649
245 1 0 _aCounselling skills :
_ba practical guide for counsellors and helping professionals /
_cJohn McLeod and Julia McLeod.
250 _a2nd ed.
260 _aMaidenhead, England :
_bOpen University Press,
_c2011.
300 _axiv, 356 p.
650 0 _aCounselling.
_@0000148604
700 1 _aMcLeod, Julia.
_@0000185311
852 1 _9p3940 KES
908 _a140402
950 _@1
999 _c11602
_d11602